000 00572nam a2200193Ia 4500
005 20250508151855.0
008 008 250505s9999 xx 000 0 eng d
037 _aTextual
040 _aFEDL
_beng
_cFEDL
041 _aeng
_2eng
084 _a155.4, JOS
_qFEDL
100 _aJosselyn Irene Milliken
_9760235
245 0 _aHappy child : A psychoanalytic gudie to emotional and social growth
260 _aNew York, USA
_bRandom House
_c1955
300 _a410p.
650 _aChild Psychology
942 _cTEXL
_h155.4, JOS
999 _c1332634
_d1332634